Score 0/49 Timer 06:00
7 Plays Today
% Correct
Cardiff City
77.5%
Newcastle United
77.1%
Everton
76.7%
Manchester City
76.3%
Liverpool
75.9%
Manchester United
74.9%
Swansea City
74.8%
Arsenal
74.7%
Southampton
73.6%
Sunderland
73.2%
Tottenham Hotspur
72.8%
Norwich City
72.5%
Portsmouth
69%
Blackpool
68.5%
Aston Villa
68.1%
Watford
68%
Hull City
66.6%
Derby County
65.5%
Wolverhampton Wanderers
65.4%
West Ham United
65.2%
Middlesbrough
64.9%
Ipswich Town
64.9%
Brighton & Hove Albion
64.7%
Sheffield Wednesday
63.7%
Sheffield United
62.7%
% Correct
Leicester City
62.5%
Leeds United
62.3%
Nottingham Forest
61.2%
Coventry City
60.8%
Reading
60.7%
Stoke City
59%
Swindon Town
58.3%
Charlton Athletic
57.9%
Bournemouth
57.9%
Fulham
57.7%
Birmingham City
55%
Burnley
52.8%
Crystal Palace
52.4%
West Bromwich Albion
52.2%
Bolton Wanderers
51.5%
Bradford City
50.2%
Chelsea
50%
Wimbledon
49.7%
Blackburn Rovers
48.9%
Huddersfield Town
48.1%
Queens Park Rangers
47.5%
Barnsley
46.8%
Wigan Athletic
46.6%
Oldham Athletic
43.3%
Come Together.
Have Fun.
All Virtual.
We all need to come together. Play Sporcle's virtual live trivia to have fun, connect with people, and get your trivia on. Join a live hosted trivia game for your favorite pub trivia experience done virtually. If a virtual private party is more your thing, go here for details.

You're not logged in!

Compare scores with friends on all Sporcle quizzes.
OR
Log In

Sporcle TV

Today on Sporcle TV


Watch our educational content, quiz creation guides, and fun videos on Sporcle TV.

Show Comments

Extras

Top Quizzes Today


Score Distribution

Paid Content

Your Account Isn't Verified!

In order to create a playlist on Sporcle, you need to verify the email address you used during registration. Go to your Sporcle Settings to finish the process.

Report this User

Report this user for behavior that violates our Community Guidelines.

Details: